<?xml version="1.0" encoding="UTF-8"?>
<record
    xmlns:xsi="http://www.w3.org/2001/XMLSchema-instance"
    xsi:schemaLocation="http://www.loc.gov/MARC21/slim http://www.loc.gov/standards/marcxml/schema/MARC21slim.xsd"
    xmlns="http://www.loc.gov/MARC21/slim">

  <leader>00469nam a22001817a 4500</leader>
  <controlfield tag="005">20250415124147.0</controlfield>
  <controlfield tag="008">250411b        |||||||| |||| 00| 0 eng d</controlfield>
  <datafield tag="020" ind1=" " ind2=" ">
    <subfield code="a">978-93-84961-33-6</subfield>
  </datafield>
  <datafield tag="041" ind1=" " ind2=" ">
    <subfield code="a">eng</subfield>
  </datafield>
  <datafield tag="082" ind1=" " ind2=" ">
    <subfield code="a">344.540 ADH- L</subfield>
  </datafield>
  <datafield tag="100" ind1=" " ind2=" ">
    <subfield code="a">ADHIKARI, DR NANDITA </subfield>
    <subfield code="9">8611</subfield>
  </datafield>
  <datafield tag="245" ind1=" " ind2=" ">
    <subfield code="a">LAW AND MEDICINE </subfield>
  </datafield>
  <datafield tag="250" ind1=" " ind2=" ">
    <subfield code="a">4TH ED. RE-PRINT . 2023</subfield>
  </datafield>
  <datafield tag="260" ind1=" " ind2=" ">
    <subfield code="a">PRAYAGRAJ</subfield>
    <subfield code="b">CENTRAL LAW PUBLICATION </subfield>
  </datafield>
  <datafield tag="300" ind1=" " ind2=" ">
    <subfield code="a">584;P </subfield>
  </datafield>
  <datafield tag="650" ind1=" " ind2=" ">
    <subfield code="a">LEGAL STUDIES </subfield>
    <subfield code="9">8608</subfield>
  </datafield>
  <datafield tag="942" ind1=" " ind2=" ">
    <subfield code="c">BK</subfield>
  </datafield>
  <datafield tag="999" ind1=" " ind2=" ">
    <subfield code="c">8742</subfield>
    <subfield code="d">8740</subfield>
  </datafield>
  <datafield tag="952" ind1=" " ind2=" ">
    <subfield code="0">0</subfield>
    <subfield code="1">0</subfield>
    <subfield code="4">0</subfield>
    <subfield code="7">0</subfield>
    <subfield code="8">REF</subfield>
    <subfield code="a">JRU</subfield>
    <subfield code="b">JRU</subfield>
    <subfield code="c">SHELF-1-C</subfield>
    <subfield code="d">2025-04-10</subfield>
    <subfield code="e">PURCHASE</subfield>
    <subfield code="g">430.00</subfield>
    <subfield code="l">0</subfield>
    <subfield code="o">344.540 4</subfield>
    <subfield code="p">28659</subfield>
    <subfield code="r">2025-04-11 12:43:27</subfield>
    <subfield code="w">2025-04-10</subfield>
    <subfield code="y">BK</subfield>
  </datafield>
  <datafield tag="952" ind1=" " ind2=" ">
    <subfield code="0">0</subfield>
    <subfield code="1">0</subfield>
    <subfield code="4">0</subfield>
    <subfield code="7">0</subfield>
    <subfield code="8">LAW</subfield>
    <subfield code="a">JRU</subfield>
    <subfield code="b">JRU</subfield>
    <subfield code="c">SHELF-30-D</subfield>
    <subfield code="d">2025-04-10</subfield>
    <subfield code="e">PURCHASE</subfield>
    <subfield code="g">430.00</subfield>
    <subfield code="l">2</subfield>
    <subfield code="o">344.540 4</subfield>
    <subfield code="p">28660</subfield>
    <subfield code="r">2026-03-31 11:34:17</subfield>
    <subfield code="s">2026-03-25</subfield>
    <subfield code="w">2025-04-10</subfield>
    <subfield code="y">BK</subfield>
  </datafield>
  <datafield tag="952" ind1=" " ind2=" ">
    <subfield code="0">0</subfield>
    <subfield code="1">0</subfield>
    <subfield code="4">0</subfield>
    <subfield code="7">0</subfield>
    <subfield code="8">LAW</subfield>
    <subfield code="a">JRU</subfield>
    <subfield code="b">JRU</subfield>
    <subfield code="c">SHELF-30-D</subfield>
    <subfield code="d">2025-04-10</subfield>
    <subfield code="e">PURCHASE</subfield>
    <subfield code="g">430.00</subfield>
    <subfield code="l">2</subfield>
    <subfield code="o">344.540 4</subfield>
    <subfield code="p">28661</subfield>
    <subfield code="r">2026-02-26 05:26:49</subfield>
    <subfield code="s">2026-02-18</subfield>
    <subfield code="w">2025-04-10</subfield>
    <subfield code="y">BK</subfield>
  </datafield>
</record>
